000 00422nam a2200181Ia 4500
005 20250425161131.0
008 250425s9999 xx 000 0 und d
041 _aeng
082 _a515
100 _aGREENBERG, MICHAEL D.
245 0 _aFOUNDATIONS OF APPLIED MATHEMATICS
250 _aS.E.
260 _aLONDON
260 _aReino Unido
_bPRENTICE HALL
_c1978
300 _a636
942 _c01
010 _a13441
999 _c203092
_d203092